LEADER 01023nam a2200229 u 4500 001 000000006351 003 CaOOAMICUS 005 20070226104850.0 008 940606s1887 it u000 u ita u 035 $a10163062 040 $aPUL(R)$bita 100 1 $aBucci, Giuseppe,$csac.$0(OLS)http://pul/name/6485 245 12$aI beni del culto :$bpensieri /$cdi monsignor Giuseppe Bucci. 260 $aRoma :$bS.C. di Propaganda fide,$c1887. 300 $av, 207 p. ;$c23 cm 650 4$aBeni ecclesiastici.$0(OLS)http://pul/subject/1129 850 $aPUL 852 $aPUL$W1$xDP2 Diritto Canonico 1$y64$m165 E 2$j9021$nBK-PRI$qStampati Antico$B9021$CPULBib$Z2$F9021 $82 941 1 $a15 961 $aNota ms. sulla c. di guardia ant.Timbro: Bibliotheca Pontificium Institutum Utriusque Iuris.Precedente collocazione: Biblioteca Collegio Apostolico Leoniano G 1 [...]. 996 $6245$aI beni del culto :$bpensieri$9(OLS)http://pul/title/9366 996 $6260$aRoma :$bS.C. di Propaganda fide$9(OLS)http://pul/publisher/51242 LEADER 00874nam a2200229 u 4500 001 000000070052 003 CaOOAMICUS 005 20070226121958.0 008 020424s1909 enka u000 u eng u 035 $a10927790 040 $aPUL(R)$bita 100 1 $aRalli, Augustus.$0(OLS)http://pul/name/46592 245 10$aChristians at Mecca /$cby Augustus Ralli. 260 $aLondon :$bHeinemann,$c1909. 300 $aviii, 283 p. :$bill. ;$c19 cm 650 4$aIslamismo e altre religioni$xCristianesimo.$0(OLS)http://pul/subject/2264 650 4$aCiviltà islamica.$0(OLS)http://pul/subject/2287 850 $aPUL 852 $aPUL$W1$xDP2 Filosofia 1$y62$m131 D 24$j90675$nBK-PRI$b $qStampati$B90675$CPULBib$Z2$F90675 $81 941 1 $a8 996 $6245$aChristians at Mecca$9(OLS)http://pul/title/92421 996 $6260$aLondon :$bHeinemann$9(OLS)http://pul/publisher/55176